<?xml version="1.0" encoding="UTF-8"?><?xml-stylesheet type="text/xsl" href="static/style.xsl"?><OAI-PMH xmlns="http://www.openarchives.org/OAI/2.0/" xmlns:xsi="http://www.w3.org/2001/XMLSchema-instance" xsi:schemaLocation="http://www.openarchives.org/OAI/2.0/ http://www.openarchives.org/OAI/2.0/OAI-PMH.xsd"><responseDate>2026-04-14T19:30:58Z</responseDate><request verb="GetRecord" identifier="oai:uvadoc.uva.es:10324/62865" metadataPrefix="marc">https://uvadoc.uva.es/oai/request</request><GetRecord><record><header><identifier>oai:uvadoc.uva.es:10324/62865</identifier><datestamp>2023-11-13T20:04:35Z</datestamp><setSpec>com_10324_38</setSpec><setSpec>col_10324_852</setSpec></header><metadata><record xmlns="http://www.loc.gov/MARC21/slim" xmlns:doc="http://www.lyncode.com/xoai" xmlns:xsi="http://www.w3.org/2001/XMLSchema-instance" xmlns:dcterms="http://purl.org/dc/terms/" xsi:schemaLocation="http://www.loc.gov/MARC21/slim http://www.loc.gov/standards/marcxml/schema/MARC21slim.xsd">
<leader>00925njm 22002777a 4500</leader>
<datafield tag="042" ind1=" " ind2=" ">
<subfield code="a">dc</subfield>
</datafield>
<datafield tag="720" ind1=" " ind2=" ">
<subfield code="a">Vara Romero, Sergio</subfield>
<subfield code="e">author</subfield>
</datafield>
<datafield tag="260" ind1=" " ind2=" ">
<subfield code="c">2023</subfield>
</datafield>
<datafield tag="520" ind1=" " ind2=" ">
<subfield code="a">Dentro de las diferentes formas jurídicas de una sociedad, las sociedades &#xd;
cooperativas difieren del resto desde su base. Y en más de una ocasión se ha &#xd;
puesto en duda su eficiencia.&#xd;
 En el presente trabajo se busca responder a este cuestionamiento. En primera &#xd;
instancia, se profundiza en el término “eficiencia”, pues va más allá de los &#xd;
resultados económicos e involucra a la sociedad en la que opera la empresa. En &#xd;
segundo lugar, se demuestra con datos empíricos la funcionalidad de las &#xd;
cooperativas. Las cuales ostentan resultados muy positivos, especialmente las &#xd;
de mayor tamaño.</subfield>
</datafield>
<datafield tag="024" ind2=" " ind1="8">
<subfield code="a">https://uvadoc.uva.es/handle/10324/62865</subfield>
</datafield>
<datafield tag="245" ind1="0" ind2="0">
<subfield code="a">La eficiencia de las  cooperativas</subfield>
</datafield>
</record></metadata></record></GetRecord></OAI-PMH>